Регионална библиотека "Любен Каравелов" - Русе

Концерт-каприччио (Запис номер 369340)

MARC детайли
000 -Лидер
Контролно поле с фиксирана дължина ncm a22 a 4500
003 - Код на организацията, давaща контролен номер
Контролно поле BLK
005 - Дата и час на последна редакция
Контролно поле 20201007040823.0
008 - Елементи от данни с фиксирана дължина
fixed length control field 200403b bu ||||| |||| 00| 0 bu d
040 ## - Източник на каталожния запис
Идентификатор на билиотеката - собственик на записа BLK
041 ## - Код за език
Код за езика на текст/звукозапис или на отделно заглавие Български
Код за езика КДБФ Български
080 ## - УДК
Текстов определител УДК Концерт за флейта и оркестър
УДК код - определител по УДК 785.6:788.5
УДК - код + определител 785.6:788.5
100 ## - Редна дума - Автор
Автор Лобковский, Абрам Михайлович
Авторска отговорност първи автор
R(LIN) 1299
139 ## - Редно поле
Редна дума Лобковский, Абрам Михайлович
Авторски знак Лоб - Л 74
245 ## - Сведения за заглавието
Заглавие Концерт-каприччио
Подзаглавни данни Для флейты-пикколо, струнных, ударн,х и арфы
Редно поле (дума) Абрам Лобковский
260 ## - Област на издателските данни
9 (RLIN) 402764
Място на издаване, разпространение и проч. Москва
Име на издателя, разпространителя и проч. Музыка
Година на издаване 1979
300 ## - Физическа характеристика
Страници 31 с.
Размери/Мащаб 28 см
380 ## - Жанр
Жанр Изкуство
650 #7 - Допълнително описание по предмет – тема
9 (RLIN) 175883
Основно описание – тема или топоним Флейта
653 #7 - Ключова дума – ненормативна
9 (RLIN) 197646
Ключова дума струнни музикални инструменти
653 #7 - Ключова дума – ненормативна
9 (RLIN) 198928
Ключова дума ударни музикални инструменти
653 #7 - Ключова дума – ненормативна
9 (RLIN) 181337
Ключова дума арфа
852 ## - Местоположение
Форматна сигнатура Цб М II 8505
Фондова буква Хранилище
999 ## - СИСТЕМНИ КОНТРОЛНИ НОМЕРА
Koha biblionumber 369340
Koha biblioitemnumber 369340
942 ## - АРТИКУЛИ
Вид на библиотечния материал Нотни издания
Скрит в OPAC Не
Периодичен библиозапис Да
944 ## - СЪЗДАВАНЕ И РЕДАКЦИЯ на ЗАПИСА
Създаване/Редакция Създаване
Дата на регистрацията/редакция 2020-06-18
Служител, извършил регистрацията/редакцията В. Т.
999 ## - СИСТЕМНИ КОНТРОЛНИ НОМЕРА
Koha biblioitemnumber 369340
Наличности
Код за отписване Код за изгубен артикул Източник на класификационната схема Код за повреда Код за отдаване Артикулен № Име на библиотеката - собственик Име на библиотеката, в която се намира в момента Статус (Текущо местоположение) Дата на вписване в системата Местоположение - отдел Цена в лева Инвентарен номер Систематично азбучна сигнатура Баркод Цена в евро Служебен тип на артикула
  Не е изгубен Universal Decimal Classification Не е повреден ползва се в читалня 777190 Регионална библиотека "Любен Каравелов" Русе Регионална библиотека "Любен Каравелов" Русе Хранилище 2020-06-18 Хранилище 0.60 342858 Цб М ІІ 8505 900000019930 0.31 Нотни издания
Vip Innovations Ltd, Rousse, Bulgaria 2025